Kunisaki Hantō no mukashibanashi,
Saved in:
| Main Author: | |
|---|---|
| Format: | Book |
| Language: | Japanese |
| Published: |
Tōkyō,
Miyai Shoten,
Shōwa 44 i.e. 1969]
|
| Series: | Mukashibanashi kenkyū shiryō sōsho ;
2. |
| Subjects: | |
| Tags: |
Add Tag
No Tags, Be the first to tag this record!
|
| LEADER | 00871cam a2200265I 4500 | ||
|---|---|---|---|
| 001 | 007714959-9 | ||
| 005 | 20020606104010.5 | ||
| 008 | 780407s1969 ja a b 000 0 jpn | ||
| 010 | |a 74804278 /J | ||
| 015 | |a Ja*** | ||
| 035 | 0 | |a ocm03787193 | |
| 035 | 0 | |a ocm03787193 |z ocm33564860 | |
| 040 | |a DLC |c OSU |d OSU |d OCL |d YNH | ||
| 050 | 0 | |a GR340 |b .M85 no. 2 |a GR341.O34 | |
| 100 | 1 | |a Miyazaki, Kazue. | |
| 245 | 1 | 0 | |a Kunisaki Hantō no mukashibanashi, |c Miyazaki Kazue hen [cho. |
| 260 | |a Tōkyō, |b Miyai Shoten, |c Shōwa 44 i.e. 1969] | ||
| 300 | |a 493 p. |b illus. |c 19 cm. | ||
| 490 | 1 | |a Mukashibanashi kenkyū shiryō sōsho ; |v 2 | |
| 500 | |a Phonodiscs (4 s. 5 in. 33 1/3 rpm.) in pocket. | ||
| 504 | |a Includes bibliographical references. | ||
| 650 | 0 | |a Tales |z Japan |z Ōita-ken. | |
| 830 | 0 | |a Mukashibanashi kenkyū shiryō sōsho ; |v 2. | |
| 988 | |a 20020608 | ||
| 906 | |0 DLC | ||


